| 000 | 00497nam a2200193Ia 4500 | ||
|---|---|---|---|
| 005 | 20250923144542.0 | ||
| 008 | 008 250917s9999 xx 000 0 eng d | ||
| 037 | _aTextual | ||
| 040 |
_aDSWL _beng _cDSWL |
||
| 041 |
_aeng _2eng |
||
| 084 | _qDSWL | ||
| 100 |
_aBentley, N _9826022 |
||
| 245 | 4 |
_aThe complete home entertainer _cby N Bentley |
|
| 260 |
_aLondon _bOdhamo Press Ltd |
||
| 300 | _a512p. | ||
| 700 |
_aH.M. Brock _9826023 |
||
| 942 | _cTEXL | ||
| 999 |
_c1440395 _d1440395 |
||